PHARMACEUTICAL INORGANIC CHEMISTRY [ B.PHARMA] 1ST SEMESTER (Record no. 8642)

MARC details
000 -LEADER
fixed length control field 00539nam a22001817a 4500
005 - DATE AND TIME OF LATEST TRANSACTION
control field 20240920124705.0
008 - FIXED-LENGTH DATA ELEMENTS--GENERAL INFORMATION
fixed length control field 240917b |||||||| |||| 00| 0 eng d
020 ## - INTERNATIONAL STANDARD BOOK NUMBER
ISBN 978-93-6180-609-4
041 ## - LANGUAGE CODE
Language code of text/sound track or separate title eng
082 ## - DEWEY DECIMAL CLASSIFICATION NUMBER
Classification number 615.19
100 ## - MAIN ENTRY--AUTHOR NAME
Personal name OSWAL, DR. RAJESH J AND GILL, DR. NARESH SINGH & GUPTA, AVINASH KUMAR
245 ## - TITLE STATEMENT
Title PHARMACEUTICAL INORGANIC CHEMISTRY [ B.PHARMA] 1ST SEMESTER
250 ## - EDITION STATEMENT
Edition statement 1ST ED, 2017
260 ## - PUBLICATION, DISTRIBUTION, ETC. (IMPRINT)
Place of publication LUCKNOW
Name of publisher THAKUR PUBLICATION PVT.LTD
300 ## - PHYSICAL DESCRIPTION
Number of Pages 160;P
650 ## - SUBJECT ADDED ENTRY--TOPICAL TERM
Topical Term PHARMACY
General subdivision B.PHARMA
942 ## - ADDED ENTRY ELEMENTS (KOHA)
Koha item type Books
Holdings
Lost status Damaged status Collection code Home library Current library Shelving location Date acquired Source of acquisition Cost, normal purchase price Serial Enumeration / chronology Full call number Accession Number Koha item type
    PHARMACY JRU Library JRU Library SHELF-3-C 13/09/2024 PURCHASE 180.00 NEW ARRIVALS SHELF 615.19 28414 Books
    PHARMACY JRU Library JRU Library SHELF-17-E 13/09/2024 PURCHASE 180.00 INVOICE-922, DATE-3-09-2024 615.19 28415 Books
    PHARMACY JRU Library JRU Library SHELF-17-E 13/09/2024 PURCHASE 180.00 INVOICE-922, DATE-3-09-2024 615.19 28416 Books